2013-14 UEFA Champions League Results - Statistics

General Stats
  • This quiz has been taken 1,013 times
  • The average score is 25 of 32
Answers on the Map
Answers color-coded by a green-red scale on the quiz's map according to % correct below.
 
Answer Stats
Club % Correct
๐Ÿ‡ช๐Ÿ‡ธ Real Madrid
99%
๐Ÿ‡ฉ๐Ÿ‡ช Bayern Munich
98%
๐Ÿ‡ช๐Ÿ‡ธ Barcelona
97%
๐Ÿ‡ช๐Ÿ‡ธ Atlรฉtico Madrid
96%
๐Ÿ‡ฉ๐Ÿ‡ช Borussia Dortmund
96%
๐Ÿ‡ซ๐Ÿ‡ท Paris Saint-Germain
96%
๐Ÿ‡ฎ๐Ÿ‡น Juventus
95%
๐Ÿด๓ ง๓ ข๓ ฅ๓ ฎ๓ ง๓ ฟ Manchester City
95%
๐Ÿด๓ ง๓ ข๓ ฅ๓ ฎ๓ ง๓ ฟ Manchester United
95%
๐Ÿ‡ฎ๐Ÿ‡น AC Milan
94%
๐Ÿด๓ ง๓ ข๓ ฅ๓ ฎ๓ ง๓ ฟ Chelsea
94%
๐Ÿด๓ ง๓ ข๓ ฅ๓ ฎ๓ ง๓ ฟ Arsenal
93%
๐Ÿ‡ณ๐Ÿ‡ฑ Ajax
90%
๐Ÿ‡ต๐Ÿ‡น Benfica
89%
๐Ÿ‡ต๐Ÿ‡น Porto
89%
๐Ÿ‡ซ๐Ÿ‡ท Marseille
84%
๐Ÿ‡ฎ๐Ÿ‡น Napoli
84%
๐Ÿ‡น๐Ÿ‡ท Galatasaray
77%
๐Ÿด๓ ง๓ ข๓ ณ๓ ฃ๓ ด๓ ฟ Celtic
75%
๐Ÿ‡ท๐Ÿ‡บ CSKA Moscow
75%
๐Ÿ‡ฉ๐Ÿ‡ช Schalke 04
74%
๐Ÿ‡ฉ๐Ÿ‡ช Bayer 04 Leverkusen
73%
๐Ÿ‡ท๐Ÿ‡บ Zenit Saint Petersburg
71%
๐Ÿ‡ฌ๐Ÿ‡ท Olympiacos
70%
๐Ÿ‡ง๐Ÿ‡ช Anderlecht
68%
๐Ÿ‡บ๐Ÿ‡ฆ Shakhtar Donetsk
68%
๐Ÿ‡ฉ๐Ÿ‡ฐ Copenhagen
64%
๐Ÿ‡จ๐Ÿ‡ญ Basel
62%
๐Ÿ‡ช๐Ÿ‡ธ Real Sociedad
53%
๐Ÿ‡ท๐Ÿ‡ด Steaua Bucureศ™ti
46%
๐Ÿ‡จ๐Ÿ‡ฟ Viktoria Plzeลˆ
44%
๐Ÿ‡ฆ๐Ÿ‡น Austria Wien
40%
No matching quizzes found
Score Distribution
Percent of People with Each Score
Percentile by Number Answered
Your Score History
You have not taken this quiz